हिन्दुस्तानी संगीत की राग-सम्पदा / (Record no. 120123)

MARC details
000 -LEADER
fixed length control field 01347nam a22002897a 4500
003 - CONTROL NUMBER IDENTIFIER
control field dpl
005 - DATE AND TIME OF LATEST TRANSACTION
control field 20190618173611.0
008 - FIXED-LENGTH DATA ELEMENTS--GENERAL INFORMATION
fixed length control field 190226b ||||| |||| 00| 0 eng d
010 ## - LIBRARY OF CONGRESS CONTROL NUMBER
LC control number B-195449
020 ## - INTERNATIONAL STANDARD BOOK NUMBER
Terms of availability 400.00
International Standard Book Number 8174532145
035 ## - SYSTEM CONTROL NUMBER
System control number B-195449, B-195456, B-195458
037 ## - SOURCE OF ACQUISITION
Source of stock number/acquisition Cen Lib/Ret
040 ## - CATALOGING SOURCE
Original cataloging agency DPL
Language of cataloging HN
Transcribing agency 0
082 ## - DEWEY DECIMAL CLASSIFICATION NUMBER
Classification number 781.264
Item number माथुर
100 ## - MAIN ENTRY--PERSONAL NAME
Personal name माथुर, सुधा
9 (RLIN) 88648
245 ## - TITLE STATEMENT
Title हिन्दुस्तानी संगीत की राग-सम्पदा /
Statement of responsibility, etc सुधा माथुर
246 ## - VARYING FORM OF TITLE
Title proper/short title hindustani sangeet ki ra-sampada /
Remainder of title by Sudha Mathur
260 ## - PUBLICATION, DISTRIBUTION, ETC. (IMPRINT)
Name of publisher, distributor, etc संजय प्रकाशन
Place of publication, distribution, etc नयी दिल्ली
Date of publication, distribution, etc 2006
270 ## - ADDRESS
Address 4378/4बी, 209,जे.एम.डी. हाउस, गली मुरारी लाल, अंसारी रोड, दरियागंज
City नयी दिल्ली
Postal code 110002
300 ## - PHYSICAL DESCRIPTION
Extent 106पृ.
Dimensions 23सेमी (सजिल्द)
500 ## - GENERAL NOTE
General note सन्दर्भ सूची शामिल
650 ## - SUBJECT ADDED ENTRY--TOPICAL TERM
Topical term or geographic name as entry element संगीत--भारत
9 (RLIN) 88649
650 ## - SUBJECT ADDED ENTRY--TOPICAL TERM
Topical term or geographic name as entry element संगीत (राग-सम्पदा)--भारत
9 (RLIN) 88650
650 ## - SUBJECT ADDED ENTRY--TOPICAL TERM
Topical term or geographic name as entry element Music - India
9 (RLIN) 83833
650 ## - SUBJECT ADDED ENTRY--TOPICAL TERM
Topical term or geographic name as entry element Music (melody-estates) - India
9 (RLIN) 88651
942 ## - ADDED ENTRY ELEMENTS (KOHA)
Source of classification or shelving scheme Dewey Decimal Classification
Koha item type Hindi Books
Classification part 781.264
Call number suffix माथुर
Holdings
Withdrawn status Lost status Damaged status Not for loan Home library Current library Date acquired Source of acquisition Cost, normal purchase price Total Checkouts Full call number Barcode Date last seen Date checked out Copy number Cost, replacement price Price effective from Koha item type Source of classification or shelving scheme Collection code Total Renewals
        Central Library Central Library 21/09/2015 Cen Lib/Ref 400.00 1 781.264 माथुर B-195449 13/08/2024 08/08/2024 1 400.00 21/09/2015 Hindi Books      
        Shahdara Branch Shahdara Branch 26/02/2019 BPPD/PUB 400.00   781.264 माथुर B-195456 26/02/2019     400.00 26/02/2019 Hindi Books Dewey Decimal Classification Non-fiction  
        Vigyan Vihar Vigyan Vihar 18/06/2019 BPPD 400.00 1 781.264 माथुर B-195458 18/07/2019 18/06/2019   400.00 18/06/2019 Hindi Books Dewey Decimal Classification Non-fiction 1

© Delhi Public Library
Hit Counter
free hit counter